¿ Interés superior de la niñez o discriminación tutelar de la infancia callejera ? (Record no. 147832)
[ view plain ]
| 000 -CABECERA | |
|---|---|
| campo de control de longitud fija | 00659nab a2200205 a 4500 |
| 005 - FECHA Y HORA DE LA ÚLTIMA TRANSACCIÓN | |
| campo de control | 20210219160942.0 |
| 008 - ELEMENTOS DE LONGITUD FIJA--INFORMACIÓN GENERAL | |
| campo de control de longitud fija | 991125s1985 mx 000 0 spa u |
| 035 ## - NÚMERO DE CONTROL DEL SISTEMA | |
| Número de control de sistema | UPN01000175729 |
| 100 1# - ASIENTO PRINCIPAL--NOMBRE PERSONAL | |
| Nombre de persona | Pérez García, Juan Martín |
| 222 ## - TÍTULO CLAVE | |
| Título clave | DFENSOR : |
| 222 ## - TÍTULO CLAVE | |
| Información calificativa | ORGANO OFICIAL DE DIFUSION DE LA COMISION DE DERECHOS HUMANOS DEL DISTRITO FEDERAL |
| 245 ## - MENCIÓN DE TÍTULO | |
| Título | ¿ Interés superior de la niñez o discriminación tutelar de la infancia callejera ? |
| 260 ## - PUBLICACIÓN, DISTRIBUCIÓN, ETC. | |
| Lugar de publicación, distribución, etc. | México |
| 300 ## - DESCRIPCIÓN FÍSICA | |
| Extensión | 23-27 |
| 362 0# - FECHAS DE PUBLICACIÓN Y/O DESIGNACIÓN SECUENCIAL | |
| Fecha de publicación y/o designación secuencial | 2010 Año 8, no. 1, ene. |
| 653 0# - TERMINO DE INDIZACION - NO CONTROLADO | |
| Término no controlado | NIÑO CALLEJERO |
| 653 0# - TERMINO DE INDIZACION - NO CONTROLADO | |
| Término no controlado | DISCRIMINACION TUTELAR |
| 653 0# - TERMINO DE INDIZACION - NO CONTROLADO | |
| Término no controlado | DERECHOS HUMANOS |
| 905 ## - TIPO DE MATERIAL | |
| Tipo de material | Articulo |
No items available.
